| 000 -LEADER |
| fixed length control field |
00716nam a2200217 a 4500 |
| 001 - CONTROL NUMBER |
| control field |
6838 |
| 003 - CONTROL NUMBER IDENTIFIER |
| control field |
BD-DhUAP |
| 005 - DATE AND TIME OF LATEST TRANSACTION |
| control field |
20210104145335.0 |
| 008 - FIXED-LENGTH DATA ELEMENTS--GENERAL INFORMATION |
| fixed length control field |
210104r20011988ii a 001 0deng d |
| 020 ## - INTERNATIONAL STANDARD BOOK NUMBER |
| International Standard Book Number |
8125005145 |
| 040 ## - CATALOGING SOURCE |
| Original cataloging agency |
DLC |
| Transcribing agency |
DLC |
| Modifying agency |
DLC |
| -- |
BD-DhUAP |
| Language of cataloging |
eng |
| 082 00 - DEWEY DECIMAL CLASSIFICATION NUMBER |
| Classification number |
954.035 AZA |
| Edition number |
22 |
| 100 1# - MAIN ENTRY--PERSONAL NAME |
| Personal name |
Azad, Abul Kalam, |
| 9 (RLIN) |
1916 |
| 245 10 - TITLE STATEMENT |
| Title |
India wins freedom : |
| Remainder of title |
the complete version / |
| Statement of responsibility, etc. |
Abul Kalam Azad. |
| 260 ## - PUBLICATION, DISTRIBUTION, ETC. |
| Place of publication, distribution, etc. |
New Delha : |
| Name of publisher, distributor, etc. |
Orient Longman, |
| Date of publication, distribution, etc. |
c1988 [Reprinted 2001]. |
| 300 ## - PHYSICAL DESCRIPTION |
| Extent |
xiv, 223 pages : |
| Other physical details |
illustrations ; |
| Dimensions |
22 cm. |
| 600 10 - SUBJECT ADDED ENTRY--PERSONAL NAME |
| Personal name |
Azad, Abul Kalam, |
| Dates associated with a name |
1888-1958. |
| 9 (RLIN) |
1917 |
| 650 #0 - SUBJECT ADDED ENTRY--TOPICAL TERM |
| Topical term or geographic name entry element |
Statesmen |
| Geographic subdivision |
India |
| General subdivision |
Biography. |
| 9 (RLIN) |
1918 |
| 651 #0 - SUBJECT ADDED ENTRY--GEOGRAPHIC NAME |
| Geographic name |
India |
| General subdivision |
Politics and government |
| Chronological subdivision |
1919-1947. |
| 9 (RLIN) |
1521 |
| 942 ## - ADDED ENTRY ELEMENTS (KOHA) |
| Source of classification or shelving scheme |
|
| Koha item type |
Book |